| Tag |
First Indicator |
Second Indicator |
Subfields |
| LEADER |
00000cam a2200000 4500 |
| 001 |
in00000041927 |
| 005 |
20151007064827.0 |
| 008 |
800524s1951 fr a 00000 eng c |
| 010 |
|
|
|a a 52007958
|
| 035 |
|
|
|a (OCoLC)06354722
|
| 035 |
|
|
|9 AAE0699AM
|
| 040 |
|
|
|a Minnesota. Univ. Libr.
|c TXA
|d UtOrBLW
|
| 049 |
|
|
|a TXAM
|c [213477]
|
| 090 |
|
|
|a HA40.I5
|b O73 1951
|
| 092 |
|
|
|a 351.72
|b O68s
|
| 110 |
2 |
|
|a Organisation for European Economic Co-operation.
|b National Accounts Research Unit.
|
| 245 |
1 |
2 |
|a A simplified system of national accounts.
|
| 264 |
|
1 |
|a [Paris],
|b [publisher not identified] ;
|c [1951]
|
| 300 |
|
|
|a 55 pages :
|b tables. ;
|c 24 cm.
|
| 336 |
|
|
|a text
|b txt
|2 rdacontent
|
| 337 |
|
|
|a unmediated
|b n
|2 rdamedia
|
| 338 |
|
|
|a volume
|b nc
|2 rdacarrier
|
| 650 |
|
0 |
|a Finance, Public
|x Accounting.
|
| 740 |
0 |
|
|a National accounts.
|
| 999 |
|
|
|a MARS
|
| 999 |
f |
f |
|s 369b3e8a-6e40-33c5-9f41-113e95139550
|i cdc67a86-b835-3ede-9a71-9a47dfd1f2df
|t 0
|
| 952 |
f |
f |
|p ric
|a Texas A&M University
|b Rellis Campus
|c Joint Library Facility
|d Remote Storage
|t 0
|e HA40.I5 O73 1951
|h Library of Congress classification
|i unmediated -- volume
|m A14800794575
|
| 998 |
f |
f |
|a HA40.I5 O73 1951
|t 0
|l Remote Storage
|